| 000 | 00696cam8a220018100 4500 | ||
|---|---|---|---|
| 001 | zam00005861 | ||
| 008 | 970717n xx eng u | ||
| 035 | _a(Sirsi) r135861 | ||
| 040 | _dUPRA | ||
| 100 |
_aDutton, R.W. _6A108509.1 |
||
| 245 | 1 | 4 | _aThe livestock demonstration and extension centre in Al-Khatoura: progress and policy recommendations. |
| 260 |
_aDurham : _bUniversity, _c1983. |
||
| 520 | _aDeals with the livestock demonstration and extension centre in Al-Khabura, including progress and policy recommendations. | ||
| 650 | 4 |
_aLivestock. _6S646.1 |
|
| 650 | 4 |
_aLivestock -- Al-Khabura. _xLivestock -- Al-Khabura. _6S81590.1 |
|
| 949 | 1 | 0 |
_mINESOR _tBOOK _lON-SHELF |
| 004 | 135861 | ||
| 999 |
_c24168 _d24168 |
||